000 00360nam a2200133Ia 4500
008 100328s9999 xx 000 0 und d
082 _b35670
100 _aकाकोडकर चंद्रकांत.
245 _aअभिमान
260 _bमनोरमा
630 _aअभिमान
730 _aअभिमान
942 _cBOOK
999 _c525526
_d525523